00000000nas##2200000za#4500
0019.510859
003CaOODSP
00520241210082316
007ta
008150406c2003||||xxc|| p #||||f|   |0fre|d
040 |aCaOODSP|bfre
041 |aeng
041 |afre
043 |an-cn---
0861 |aFB12-6
1102 |aBanque du Canada.
24510|aRapport sur la politique monétaire. Mise à jour
260 |aOttawa - Ontario : |bBanque du Canada
310 |aSemestriel
3621 |aJanvier 2003--
500 |aTitre du départ.
5203 |aUn commentaire émanant du Conseil de direction de la Banque du Canada. Il présente une mise à jour du point de vue de la Banque sur les perspectives économiques, fondée sur l’information reçue à une date préétablie. Il renferme des sommaires détaillés des politiques et des stratégies de la Banque du Canada ainsi qu’une analyse de la conjoncture économique et de son incidence sur l'inflation.
563 |aCouverture souple
69107|aBanque|2gcpds
69107|aInstitution fédérale|2gcpds
69107|aPolitique monétaire|2gcpds
7760#|tRapport sur la politique monétaire. Mise à jour |w(CaOODSP)9.501596
7760#|tMonetary policy report. Update |w(CaOODSP)9.505197
791 |tMonetary policy report. Update |eeng|w(CaOODSP)9.510858